000 00477nam a2200157 i 4500
001 79804
003 ES-MaACL
005 20230906174044.0
007 t|
008 041025s1944 sp ||||1| spa d
100 1 _aHerrero García, Miguel.
_963315
245 1 3 _aLa vida universitaria en los pueblos anglo-sajones /
_cpor Miguel Herrero García.
260 _aMadrid :
_bLis,
_c1944 (
_fGráficas Estades)
300 _a276 p. ;
_c19 cm.
852 _aES-MaACL
_jF-16020
_bR.20834
999 _c79804
_d79804